[Event "EU-ch 17th"]
[Site "Gjakova"]
[Date "2016.05.13"]
[Round "2"]
[White "Inarkiev, Ernesto"]
[Black "Svetushkin, Dmitry"]
[Result "1-0"]
[WhiteElo "2686"]
[BlackElo "2575"]
[Annotator "Inarkiev,E"]
[PlyCount "71"]
[EventDate "2016.05.12"]
[EventType "swiss"]
[EventRounds "11"]
[EventCountry "KOS"]
[SourceTitle "CBM 173"]
[Source "ChessBase"]
[SourceDate "2016.07.12"]
[SourceVersion "1"]
[SourceVersionDate "2016.07.12"]
[SourceQuality "1"]

{This game is from the 2nd round. This is start of the tournament, when
there's no pressure of the tournament situation, and players can concentrate
on chess.} 1. e4 e5 2. Nf3 Nc6 3. Bb5 a6 4. Ba4 Nf6 5. O-O Be7 6. d3 b5 7. Bb3
O-O 8. Nc3 Bb7 {This position more often arises from the Arkhangelsk variation.
} ({In such a move order} 8... d6 {is a more popular move.}) 9. a3 d6 {The
positions from the Ruy Lopez are all similar, but small nuances make the real
difference.} 10. Ba2 $5 {White wants to use the tempo which he usually spents
on h2-h3, and that rook is still on f1.} Qd7 11. Ng5 $5 $146 {This is the point
} ({In previous games one saw} 11. Re1 Rfe8 12. h3 h6 {Fedorchuk,S (2641)
-Hamitevici,V (2443) Vandoeuvre les Nancy 2015, with a typical complex play.})
11... Nd4 {Black is choosing a more solid way.} ({It is more difficult to
assess what's happening after} 11... h6 12. f4 $5 exf4 13. Nh3 g5 $1 {it seems,
that White's attack is not strong enough.} 14. Nxf4 gxf4 15. Rxf4 Ne5 16. Rf5
Kh7 $15) 12. f4 c5 {White has got what he wanted - the f-file is opened, f7 is
under pressure now, but it's not easy to bring the rook on a1 into the game,
and the centre can open in any moment, so the position remains unclear.} 13.
Ne2 {The knight on d4 is the most active black piece. White wants to remove it,
and get better squares for his pieces.} Rae8 ({Of course, Black don't want to
spend a tempo on exchanging the knight, but it was the right idea:} 13... Nxe2+
14. Qxe2 c4 $1 $13 ({After} 14... exf4 15. Bxf4 {White have an easy game.}))
14. Ng3 {White can kick away the d4-knight at any moment, but the white knight
on f5 will have a threatening position.} ({The resources of Black's position
an be seen in the variation} 14. fxe5 dxe5 15. Ng3 c4 $13 16. dxc4 $6 h6 17.
Nf3 Nxe4 $17 18. Nxe5 Ne2+ $1 19. Qxe2 Bc5+ $19) 14... exf4 15. Bxf4 Bd8 16.
Qd2 $14 {Both armies have found their positions, and avoided direct conflict.
White has clear targets for an attack and possibilities to improve the
position. Of course, Black has enough resources, but White has a clear
initiative.} d5 {Logical - Black opens the centre, where all his pieces are.} (
{An interesting alternative is} 16... h6 $5 17. Nf3 Nxf3+ 18. gxf3 d5 $13 {
It looks like White has very dangerous threats on the kingside, but Black has
enough counterplay.}) 17. c3 Nc6 ({White is better after} 17... Ne6 18. Nxe6
Rxe6 19. Rae1 $14) 18. exd5 $5 {Opening squares for the pieces.} (18. Nf5 {
is tempting, but White's ideas here are not strong enough:} dxe4 {for example}
19. Nd6 $6 exd3 $1 $17) (18. Rae1 $5 {Looks strong, making one more useful
move before opening the position,} {but Black can simplify the position with}
h6 $1 {Just in time} (18... dxe4 $2 {is bad:} 19. N3xe4 Nxe4 20. Nxe4 $16) 19.
exd5 Rxe1 $1 (19... hxg5 20. dxc6 $16) 20. Rxe1 Nxd5 21. N5e4 Nxf4 $1 22. Qxf4
Qxd3 $13 {and Black has enough resources for the defence. For example} 23. Nf5
c4 $1 24. Bb1 Qd5 $1 25. Nxh6+ gxh6 26. Qxh6 ({or} 26. Nf6+ Bxf6 27. Qxh6 Bd4+
$1 28. Kh1 f5 29. cxd4 Nxd4 30. Qg6+ Kh8 31. Qh6+ $11) 26... f5 27. Qg6+ Kh8
28. Qh6+ $11) 18... Nxd5 19. N5e4 Nxf4 $1 {Necessary.} ({After} 19... Be7 20.
Bg5 $1 $16 {Black's position collapses:} f6 21. Be3) 20. Qxf4 Ne5 $1 {Again a
necessary move.} 21. Rad1 {Keeping the tension. To control the situation and
avoid any risk, White could take one of Black's bishops.} ({After} 21. Nxc5 Bb6
22. d4 Bxc5 23. dxc5 Qc6 $1 24. Rf2 Qxc5 25. Rd1 {White has a slight
initiative, but the position is very close to equality.}) 21... g6 $2 {After a
long period of thought, Black makes a very bad decision.} (21... Nxd3 {is
dangerous, but it works:} 22. Qxf7+ Rxf7 ({Also possible is} 22... Qxf7 23.
Bxf7+ Rxf7 24. Rxf7 Bxe4 25. Nxe4 Rxe4 26. Rd7 {it seems that this is the end,
but Black has} Bb6 $1 27. Rb7 Re6 28. Rxd3 c4+ 29. Rxb6 Rxb6 $11) 23. Rxf7 Qc6
24. Rc7+ c4 25. Rxc6 Bxc6 26. Rxd3 Bxe4 27. Nxe4 Bb6+ $11) ({A complex game
follows} 21... Qc6 {here both sides must play precisely:} 22. Nf5 c4 $1 23. Qg3
Ng6 24. Ned6 Bb6+ 25. Kh1 Re2 $1 26. Nxb7 Qxb7 27. dxc4 Rxb2 28. c5 $1 {
Black has different options now, for example} Bc7 29. Bd5 Qxd5 30. Rxd5 Bxg3
31. hxg3 Rc2 $13 {The position is still complicated, but objectively equal.})
22. d4 $1 {The activation of the rook is very strong.} ({It was also possible
simply to take the pawn} 22. Nxc5 $5 Bb6 23. b4 $1 Bxc5+ 24. bxc5 Qc6 25. Rd2
$18 {Black can't take on c5, then the advantage is huge.} Qxc5+ 26. d4) 22...
cxd4 ({Also bad is} 22... Bxe4 23. dxe5 Bd3 24. c4 $1 Bc7 25. Qe3 Bxe5 26. Qxd3
$18) 23. Rxd4 Qe7 24. Rxd8 $1 {Eliminating a very important defender. All
White's remaining pieces are taking part in the attack. The sacrifice is
tempting of course, but White has to be very precise.} Rxd8 25. Nf6+ Kg7 26.
Qg5 $1 {The only way to an advantage.} Qc5+ {.} 27. Kh1 Nd3 {[%cal Gd3f2] Now
White faces the last question in the game. Because of the counter-threat ...
Nf2+, White has no time for slow moves.} 28. Nfh5+ $1 {[%cal Ga2f7] It's very
important to let the bishop take part in the attack, without the bishop the
attack wouldn't be effective.} Kg8 29. Qf6 {Now there's mate by force.} Nf2+
30. Rxf2 Rd1+ 31. Nf1 gxh5 32. Bxf7+ Rxf7 33. Qxf7+ Kh8 34. Qe8+ Kg7 35. Rf7+
Kh6 36. Qe6+ {In my opinion this was my most beautiful game in the tournament.}
1-0

[Event "POL-ch 58th"]
[Site "Warsaw"]
[Date "2001.03.19"]
[Round "2"]
[White "Bartel, Mateusz"]
[Black "Blehm, Pawel"]
[Result "1-0"]
[WhiteElo "2392"]
[BlackElo "2512"]
[Annotator "Konikowski,J"]
[PlyCount "80"]
[EventDate "2001.03.18"]
[EventType "tourn"]
[EventRounds "13"]
[EventCountry "POL"]
[EventCategory "11"]
[SourceTitle "CBM 082"]
[Source "ChessBase"]
[SourceDate "2001.05.17"]
[SourceVersion "1"]
[SourceVersionDate "2001.05.17"]
[SourceQuality "1"]

1. e4 e5 2. Nf3 Nc6 3. Bb5 a6 4. Ba4 Nf6 5. O-O Be7 6. d3 b5 7. Bb3 d6 8. a4
Bg4 9. c3 (9. Be3 O-O 10. Nc3 Na5 11. Ba2 b4 12. Nd5 Nxd5 13. Bxd5 c6 14. Ba2
Rb8 15. d4 exd4 16. Qxd4 Bxf3 17. gxf3 Bf6 18. Qd3 Bxb2 19. Rad1 Be5 20. f4 Qh4
21. fxe5 {1/2-1/2 Dvoirys,S-Romanishin,O/Koszalin 1999/}) 9... Na5 $146 {
[%mdl 8]} (9... O-O 10. h3 Bxf3 (10... Bd7 11. Re1 Na5 12. Bc2 c5 13. Nbd2 h6
14. Nf1 Re8 15. Ng3 Nc6 16. Nh2 Bf8 17. Qf3 b4 18. Nf5 a5 19. g4 Nh7 20. Qg3
Be6 $13 {Zyla,J-Grabarska,B/Swidnica 1999/}) 11. Qxf3 Na5 12. Bc2 b4 (12... c5
13. Qe2 b4 14. f4 Rb8 15. Nd2 Nd7 16. Nf3 bxc3 17. bxc3 Nb3 18. Bxb3 Rxb3 19.
Qc2 Qb8 20. Nd2 Rb7 21. Nc4 Qc7 22. Ne3 Nf6 23. c4 Rfb8 $132 {Lutikov,A-Ryskin,
M/Moscow 1972/}) 13. Nd2 c5 14. Nb3 bxc3 15. bxc3 Nxb3 16. Bxb3 Qa5 17. Bd2
Rab8 18. Rab1 g6 19. Qd1 Nh5 20. Qc2 Qc7 21. Bc4 a5 22. Rb3 Qd7 23. Qa2 Bh4 24.
Rfb1 $16 {Lukin,A-Andreev,K/St Petersburg 1997/}) 10. Ba2 c5 11. Bg5 O-O 12.
Nbd2 Rb8 13. axb5 axb5 14. h3 Bd7 15. d4 Qc7 16. dxe5 dxe5 17. Nxe5 $5 Qxe5 18.
Nf3 Qc7 19. e5 Rb6 20. exf6 Bxf6 21. Re1 Bc8 (21... c4 22. Be3 Re6 $11) 22. Bb1
g6 23. Bh6 Rd8 24. Qe2 Bd7 25. Ba2 (25. Rxa5 $2 Re6 $17) 25... c4 26. Rad1 Re6
27. Qf1 Nc6 28. Bb1 Rde8 29. Rxe6 Bxe6 30. Ng5 Bc8 31. Ne4 Be5 32. Bg5 Bf5 33.
Kh1 Kg7 (33... Nd8 $5 {/\Nd8-e6}) 34. f4 h6 35. fxe5 hxg5 36. Nd6 Rxe5 37.
Nxf5+ (37. Bxf5 $5 gxf5 38. Nxf5+ Kg6 39. Rd6+ Re6 40. Qb1 $36) 37... gxf5 38.
Bxf5 Re3 39. Bb1 (39. Qf2 $142 $5) 39... Qe5 $15 40. Qf2 Re2 $17 1-0

[Event "Bundesliga 0405"]
[Site "Germany"]
[Date "2005.01.30"]
[Round "9.3"]
[White "Smagin, Sergey"]
[Black "Socko, Bartosz"]
[Result "0-1"]
[WhiteElo "2565"]
[BlackElo "2570"]
[Annotator "Konikowski,J"]
[PlyCount "106"]
[EventDate "2004.11.12"]
[EventType "team-tourn"]
[EventRounds "15"]
[EventCountry "GER"]
[SourceTitle "CBM 106"]
[Source "ChessBase"]
[SourceDate "2005.06.06"]
[SourceVersion "1"]
[SourceVersionDate "2005.06.06"]
[SourceQuality "1"]
[WhiteTeam "Katernberg"]
[BlackTeam "Kreuzberg"]
[WhiteTeamCountry "GER"]
[BlackTeamCountry "GER"]

1. e4 e5 2. Nf3 Nc6 3. Bb5 a6 4. Ba4 Nf6 5. d3 b5 6. Bb3 Be7 7. O-O d6 8. a4
Rb8 9. axb5 axb5 10. c3 O-O 11. Re1 (11. Nbd2 Nd7 12. Re1 Bf6 13. Nf1 Nc5 14.
Bd5 Ne7 15. Ba2 Ne6 16. d4 Ng6 17. Be3 Ng5 18. Nxg5 Bxg5 19. dxe5 Bxe3 20. Nxe3
Nxe5 21. f4 Nd7 22. Qd4 $16 {Xie Jun-Nay Oo Kyaw Tun/Shanghai 2000/}) (11. Qe2
Bd7 12. d4 Ra8 13. Rxa8 Qxa8 14. Rd1 h6 15. Nh4 Re8 16. d5 Na5 17. Ba2 c6 18.
Na3 cxd5 19. exd5 Nc4 20. Nxc4 Qxa2 21. Nb6 Qa7 22. Be3 Qb7 23. Nxd7 Qxd7 24.
Nf3 Ra8 $13 {Du Chattel,P-Houtman,J/Netherlands 1995/}) 11... Bb7 12. Bd2 b4
13. cxb4 (13. d4 $5) 13... Bc8 14. Ra4 Bd7 15. Na3 Nd4 16. Nxd4 Bxa4 17. Bxa4
exd4 18. Bc6 {[%cal Yb4b5]} Nd7 19. f4 d5 20. Nc2 dxe4 21. Rxe4 Rb6 22. b5 Nb8
23. Ba5 Rxc6 24. bxc6 Nxc6 25. Be1 (25. Bd2 $5) 25... Qd5 26. Qe2 Bd6 27. Bf2
$2 {[%cal Rc2d4,Re4d4,Rf2d4,Gc6d4,Gd5d4][%mdl 8192]} (27. g3 $142) 27... f5 $1
28. Re8 Bxf4 29. Qe6+ $2 (29. Nxd4 $142 $5 Nxd4 30. Qe7 Ne6 31. Qxe6+ Qxe6 32.
Rxe6 Rb8 33. Re2 Rb3 34. d4 Kf7 $15) 29... Qxe6 30. Rxe6 Bd6 31. Re2 Rd8 32. g3
(32. Nxd4 Nxd4 33. Bxd4 Bxh2+ 34. Kxh2 Rxd4 $19) 32... Be5 33. Na3 Bf6 34. Nc4
Nb4 35. Rd2 Kf7 36. Rd1 Rb8 37. Be1 Nd5 38. Bd2 Rb3 39. Bf4 g5 40. Be5 Ne3 41.
Rc1 Nxc4 42. Bxf6 Kxf6 43. Rxc4 Rxd3 44. b4 (44. Rxc7 Rd1+ 45. Kg2 Rd2+ $19)
44... Ke5 45. Rxc7 Rd1+ 46. Kf2 Rd2+ 47. Ke1 Rxh2 48. b5 Rb2 49. Re7+ Kd5 50.
Rxh7 (50. Rf7 Ke4 $19) 50... Rxb5 51. Rh5 (51. Re7 Rb2 $19) 51... Ke4 52. Rxg5
Ke3 53. Kf1 d3 0-1

[Event "Olympiad-36"]
[Site "Mallorca"]
[Date "2004.10.15"]
[Round "1"]
[White "Ostos, Julio Eduardo"]
[Black "Socko, Bartosz"]
[Result "0-1"]
[WhiteElo "2332"]
[BlackElo "2570"]
[Annotator "Konikowski,J"]
[PlyCount "80"]
[EventDate "2004.10.15"]
[EventType "team-swiss"]
[EventRounds "14"]
[EventCountry "ESP"]
[SourceTitle "CBM 104"]
[Source "ChessBase"]
[SourceDate "2005.01.27"]
[SourceVersion "1"]
[SourceVersionDate "2005.01.27"]
[SourceQuality "1"]
[WhiteTeam "Venezuela"]
[BlackTeam "Poland"]
[WhiteTeamCountry "VEN"]
[BlackTeamCountry "POL"]

1. e4 e5 2. Nf3 Nc6 3. Bb5 a6 4. Ba4 Nf6 5. d4 exd4 6. O-O Be7 7. Re1 b5 8. Bb3
d6 9. Bd5 Nxd5 10. exd5 Ne5 11. Nxd4 O-O 12. b3 Bg4 $146 {[%mdl 8]} (12... Bb7
13. Bb2 (13. f4 Nd7 14. c4 Bf6 15. Nc3 Nc5 16. Qd2 bxc4 17. bxc4 Qd7 18. Bb2
Rfe8 19. Nb3 Nxb3 20. axb3 c6 21. Na4 {1/2-1/2 Van der Wiel,J-Smejkal,J/Vienna
1980/}) 13... Bf6 14. Nc3 b4 15. Ne4 Bxd5 16. f4 Ng6 17. Nxf6+ Qxf6 18. Ne6
Qxb2 19. Nxf8 Nxf4 20. Nd7 Bc6 21. Rf1 Qd4+ 22. Qxd4 Ne2+ 23. Kf2 Nxd4 24. Rad1
Ne6 25. Nb6 cxb6 26. Rxd6 Rc8 $19 {Schulz,K-Lane,G/Royan 1989/}) (12... Bf6 13.
Nc3 Bb7 14. a3 Re8 15. Be3 c5 16. dxc6 Nxc6 17. Nxc6 Bxc6 18. Qd3 Rc8 19. Bd4
Be5 20. Rad1 Qg5 21. Ne4 Bxh2+ 22. Kxh2 Bxe4 23. Qg3 Qxg3+ 24. Kxg3 Re6 25. Rd2
Rg6+ 26. Kf4 Bxg2 $19 {Pares Vives,J-Pablo Marin,A/Malgrat del Mar 1991/}) (
12... Bd7 13. Bb2 Bf6 14. Nd2 Ng6 15. Nf1 Be5 16. Ng3 Qb8 17. Rb1 Qb6 18. Ndf5
Bxb2 19. Rxb2 Rae8 20. Rb1 Rxe1+ 21. Qxe1 Re8 22. Qd2 Re5 23. Ne3 f5 $17 {
Holm,T-Stempin,P/Copenhagen 1989/}) 13. Qd2 Re8 14. Bb2 Bh4 15. Nc3 Qf6 16. Ne4
(16. g3 $5 Bg5 17. f4 Bh6 18. Qg2 $14) 16... Qg6 17. Ng3 h5 18. f4 $2 (18. a4
$142 $5) 18... Bxg3 19. hxg3 Nd7 20. Qc3 Nc5 21. Rxe8+ Rxe8 22. Re1 Rxe1+ 23.
Qxe1 Bf5 (23... Qe4 $5 24. Qc3 (24. Qxe4 Nxe4 25. Kh2 Bc8 26. Nc6 Bb7 27. Bd4
g6 28. c4 bxc4 29. bxc4 Bxc6 30. dxc6 Kf8 $17) 24... f6 25. Nc6 Bf5 $17) 24.
Nc6 Kh7 25. Ne7 Qg4 26. Qc3 (26. Nxf5 $5 Qxf5 27. Qd1 $15) 26... Be4 27. b4 Nd7
28. Qe1 f5 29. Bd4 h4 $1 {[%mdl 128]} (29... Bxc2 $4 30. Qe6 Nf6 31. Bxf6 gxf6
32. Qf7+ Qg7 33. Qxh5+ Qh6 34. Qe8 $18) 30. Kh2 h3 $1 31. gxh3 Qf3 32. Qg1 Nf6
33. c3 Kh6 34. Be3 Qh5 35. g4 fxg4 (35... Nxg4+ $142 36. Kg3 Nxe3 37. Qxe3 Qf7
$19) 36. Qg3 Kh7 (36... Bxd5 $5 37. f5+ Kh7 38. Nxd5 Nxd5 $19) 37. Bd4 Qh6 $1
38. Qe3 $4 {[%mdl 8192]} (38. a3 $142 $15) 38... Bf3 $19 39. Qd3+ Ne4 40. Qf1
Qxf4+ (40... Qxf4+ 41. Kg1 Qg3+ 42. Qg2 Qxg2#) 0-1

[Event "CRO-ch 12th"]
[Site "Opatija"]
[Date "2012.01.26"]
[Round "10"]
[White "Brkic, Ante"]
[Black "Sulava, Nenad"]
[Result "1-0"]
[WhiteElo "2578"]
[BlackElo "2514"]
[Annotator "Let's Check"]
[PlyCount "51"]
[EventDate "2012.01.17"]
[EventType "tourn"]
[EventRounds "11"]
[EventCountry "CRO"]
[EventCategory "13"]
[SourceTitle "CBM 147"]
[Source "ChessBase"]
[SourceDate "2012.03.16"]
[SourceVersion "1"]
[SourceVersionDate "2012.03.16"]
[SourceQuality "1"]

1. e4 e5 2. Nf3 Nc6 3. Bb5 a6 4. Ba4 Nf6 5. O-O b5 6. Bb3 Bb7 7. d3 Be7 8. Nc3
O-O 9. Bd2 d6 10. Ne2 d5 11. exd5 Nxd5 12. Re1 Kh8 13. a4 f6 14. Ng3 Bc5 15. c3
Bb6 16. Bc2 f5 17. Nxe5 f4 18. Nf1 Nxe5 19. Rxe5 f3 $2 (19... Bxf2+ 20. Kxf2
Ne3 $17) 20. gxf3 $16 Qh4 21. d4 c5 $6 (21... Nf4 22. Bxf4 $16) 22. Be4 cxd4
23. Bxd5 $6 (23. Bg5 Qh3 24. Bxd5 $18) 23... dxc3 $16 24. Be3 cxb2 25. Rb1 Bc7
$2 (25... Bxe3 26. Nxe3 Rad8) 26. Re4 $18 1-0

[Event "Tata Steel-A 74th"]
[Site "Wijk aan Zee"]
[Date "2012.01.14"]
[Round "1"]
[White "Karjakin, Sergey"]
[Black "Aronian, Levon"]
[Result "0-1"]
[WhiteElo "2769"]
[BlackElo "2805"]
[Annotator "Let's Check"]
[PlyCount "84"]
[EventDate "2012.01.14"]
[EventType "tourn"]
[EventRounds "13"]
[EventCountry "NED"]
[EventCategory "21"]
[SourceTitle "CBM 147"]
[Source "ChessBase"]
[SourceDate "2012.03.16"]
[SourceVersion "1"]
[SourceVersionDate "2012.03.16"]
[SourceQuality "1"]

1. e4 e5 2. Nf3 Nc6 3. Bb5 a6 4. Ba4 Nf6 5. O-O Be7 6. d3 b5 7. Bb3 O-O 8. a4
b4 9. Nbd2 Bc5 10. h3 d6 11. c3 Rb8 12. Re1 Re8 13. a5 Ba7 14. Nf1 Ne7 15. Ng3
Ng6 16. d4 h6 17. Bc2 c5 18. dxe5 dxe5 19. Bd3 Be6 20. Bxa6 c4 21. Ra4 Qc7 22.
cxb4 Bxf2+ 23. Kxf2 Qa7+ 24. Be3 Qxa6 25. Kg1 Red8 26. Qc1 Rd3 27. Rd1 Rb3 28.
Qd2 Kh7 29. Kh2 Rb7 30. Qf2 Bd7 31. Ra2 R7xb4 32. Nh5 $2 (32. Bxh6 Kxh6 33.
Nf5+ $11) 32... Bc8 $2 (32... Nxe4 33. Ng5+ Nxg5 $19) 33. Nxf6+ Qxf6 34. Kg1
Bb7 35. Nd2 Qxf2+ 36. Bxf2 Rd3 37. a6 Bxe4 $6 (37... Bxa6 $1 38. Be1 Nf4 $19)
38. Re1 $15 Ba8 39. Ne4 Nf4 40. a7 f6 41. h4 c3 42. Nc5 c2 0-1

[Event "Dortmund SuperGM 40th"]
[Site "Dortmund"]
[Date "2012.07.20"]
[Round "7"]
[White "Naiditsch, Arkadij"]
[Black "Ponomariov, Ruslan"]
[Result "1/2-1/2"]
[WhiteElo "2700"]
[BlackElo "2726"]
[Annotator "Marin,M"]
[PlyCount "83"]
[EventDate "2012.07.13"]
[EventType "tourn"]
[EventRounds "9"]
[EventCountry "GER"]
[EventCategory "19"]
[SourceTitle "CBM 150"]
[Source "ChessBase"]
[SourceDate "2012.09.14"]
[SourceVersion "1"]
[SourceVersionDate "2012.09.14"]
[SourceQuality "1"]

1. e4 e5 2. Nf3 Nc6 3. Bb5 a6 4. Ba4 Nf6 5. O-O Be7 6. d3 d6 7. c4 $5 {The old
Duras system.} O-O 8. h3 Nd7 9. Be3 Bf6 10. Nc3 Nd4 11. Bxd7 $146 (11. Bxd4
exd4 12. Ne2 c5 13. Qd2 b5 {Guseinov,G (2557)-Jenni,F (2522)/Plovdiv 2003/CBM
098 (0-1, 60)}) (11. b4 c6 12. Nh2 a5 13. b5 Nc5 {Bodnaruk,A (2417)-Tarasova,V
(2275)/St Petersburg 2011/CBM 144 Extra (1-0, 59)}) 11... Bxd7 12. Nd5 b5 13.
c5 $5 dxc5 14. Rc1 c6 15. Nxf6+ Qxf6 16. Rxc5 Nxf3+ 17. Qxf3 Qxf3 18. gxf3 Rae8
19. Kh2 f5 $11 {The mutual weaknesses tend to compensate for each other and
the presence of opposite-coloured bishops increases the probability of a draw.}
20. Rg1 Rf6 21. d4 exd4 22. Bxd4 Rg6 23. Rxg6 hxg6 24. Be5 Kf7 25. h4 Rh8 26.
Kg3 Rh5 27. Bf4 fxe4 28. Rxh5 gxh5 29. fxe4 Be6 30. a3 c5 31. Bd6 b4 32. a4 a5
33. Bxc5 Bd7 34. Bb6 Bxa4 35. Bxa5 b3 36. Kf4 g6 37. Bc3 Bd7 38. Kg5 Bg4 39. f4
Bf3 40. f5 Bxe4 41. fxg6+ Bxg6 42. Kf4 1/2-1/2

[Event "Norway Chess 1st"]
[Site "Stavanger"]
[Date "2013.05.08"]
[Round "1"]
[White "Anand, Viswanathan"]
[Black "Aronian, Levon"]
[Result "1/2-1/2"]
[WhiteElo "2783"]
[BlackElo "2813"]
[Annotator "Marin,M"]
[PlyCount "66"]
[EventDate "2013.05.08"]
[EventType "tourn"]
[EventRounds "9"]
[EventCountry "NOR"]
[EventCategory "21"]
[SourceTitle "CBM 155"]
[Source "ChessBase"]
[SourceDate "2013.07.16"]
[SourceVersion "1"]
[SourceVersionDate "2013.07.16"]
[SourceQuality "1"]

1. e4 e5 2. Nf3 Nc6 3. Bb5 a6 4. Ba4 Nf6 5. O-O Be7 6. d3 d6 7. c4 O-O 8. Nc3
Bg4 9. Be3 ({In the past,} 9. h3 {was more popular. Here is an example from a
game between two future grandmasters.} Bxf3 10. Qxf3 Nd4 11. Qd1 c6 12. Be3 Ne6
13. Bb3 Nd7 {Pachman,L-Ciocaltea,V (2470)/Moscow 1956/MCD (1/2, 32)}) 9... Nd4
$146 {Quite a daring knight move. Some would fear that the resulting kingside
majority would offer White chances for an attack. Maybe this would be true if
the game had started with the English Opening move order, meaning that the
bishop would be on g2 rather than a4.} (9... Nd7 10. Bxc6 bxc6 11. h3 Bxf3 12.
Qxf3 c5 13. Qg4 Re8 14. Rae1 $14 {Puc,S-Bozic,A/Ljubljana 1947/EXT 2004 (1-0,
34)}) (9... Nb4 10. d4 exd4 11. Bxd4 {Lheureux,J-Balourdet,L/IECG Email 2000/
Corr 2002 (1-0, 46)}) 10. Bxd4 exd4 11. Nd5 c6 12. Nxf6+ Bxf6 13. h3 Bxf3 14.
Qxf3 g6 15. Rae1 Bg7 16. Qd1 Qb6 17. Qd2 a5 18. f4 Qb4 19. Qc2 Qc5 20. Qf2 Rae8
21. Bd1 f5 22. Bf3 {The bishop has reached the optimal diagonal finally, but
Black is perfectly mobilised, too. If allowed to consolidate with h3-h4
followed by g2-g3, White may retain some advantage. Aronian finds the simplest
way to neutralise White's (still only incipient) attack.} Bh6 23. Qh4 (23. g3
g5 $132) 23... Bxf4 $1 24. Qxf4 fxe4 25. Qg3 exf3 26. Rxe8 Rxe8 27. Qxf3 Qf5
28. Qxf5 gxf5 29. Rxf5 Re2 30. Rf2 Re1+ 31. Rf1 Re2 32. Rf2 Re1+ 33. Rf1 Re2
1/2-1/2